El general Primo de Rivera / (Record no. 188110)
[ view plain ]
| 000 -LEADER | |
|---|---|
| campo de control de longitud fija | 00726nam a2200217 i 4500 |
| 001 - NÚMERO DE CONTROL | |
| campo de control | 188110 |
| 003 - IDENTIFICADOR DE NÚMERO DE CONTROL | |
| campo de control | SpMaBN |
| 005 - FECHA Y HORA DE LA ÚLTIMA TRANSACCIÓN | |
| campo de control | 20230906223121.0 |
| 008 - DATOS DE LONGITUD FIJA--INFORMACIÓN GENERAL | |
| campo de control de longitud fija | 180503q1956 sp |||| |bspa d |
| 080 ## - NÚMERO DE LA CLASIFICACIÓN DECIMAL UNIVERSAL | |
| Número de la Clasificación Decimal Universal | 929 Primo de Rivera, Miguel |
| 100 1# - ENTRADA PRINCIPAL--NOMBRE DE PERSONA | |
| Nombre de persona | González-Ruano, César, |
| Fechas asociadas al nombre | 1903-1965 |
| 9 (RLIN) | 58936 |
| 245 13 - MENCIÓN DEL TÍTULO | |
| Título | El general Primo de Rivera / |
| Mención de responsabilidad, etc. | César González-Ruano ; portada de Chaco. |
| 260 ## - PUBLICACIÓN, DISTRIBUCIÓN, ETC. | |
| Lugar de publicación, distribución, etc. | Barcelona : |
| Nombre del editor, distribuidor, etc. | G.P., |
| Fecha de publicación, distribución, etc. | [1956?] |
| 300 ## - DESCRIPCIÓN FÍSICA | |
| Extensión | 95 p. ; |
| Dimensiones | 11 cm. |
| 490 1# - MENCIÓN DE SERIE | |
| Mención de serie | Enciclopedia pulga ; |
| Designación de volumen o secuencia | 205 |
| 600 14 - PUNTO DE ACCESO ADICIONAL DE MATERIA--NOMBRE DE PERSONA | |
| Nombre de persona | Primo de Rivera, Miguel, |
| Fechas asociadas al nombre | 1870-1930 |
| 9 (RLIN) | 154406 |
| 700 1# - ENTRADA AGREGADA--NOMBRE PERSONAL | |
| Nombre de persona | Chacopino Fabre, Joaquín. |
| 9 (RLIN) | 150736 |
| 830 0# - PUNTO DE ACCESO ADICIONAL DE SERIE-TÍTULO UNIFORME | |
| Título uniforme | Enciclopedia pulga ; |
| Designación de volumen o secuencia | 205 |
| 9 (RLIN) | 191296 |
| 852 ## - LOCALIZACIÓN | |
| Ubicación | ES-MaACL |
| Número de control de estantería | 2311-F-43 |
| Estatus retirado | Estado de pérdida | Estado de daño | No para préstamo | Colección | Biblioteca de origen | Biblioteca actual | Ubicación en estantería | Fecha de adquisición | Fuente de adquisición | Total de préstamos | Signatura topográfica completa | Código de barras | Visto por última vez | Precio de reemplazo | Tipo de ítem Koha |
|---|---|---|---|---|---|---|---|---|---|---|---|---|---|---|---|
| Colección de folletos | Biblioteca del Ateneo de Madrid | Biblioteca del Ateneo de Madrid | Depósito folletos | 03/05/2018 | 2311-F-43 | 1198810 | 23/02/2023 | 23/02/2023 | Folleto |
